[Event "7th Cattolica Open-A 2020"]
[Site "Cattolica"]
[Date "2020.09.06"]
[Round "7.9"]
[White "Orfini, Nicolo`"]
[Black "Colonetti, Fabio"]
[Result "1-0"]
[WhiteElo "2225"]
[BlackElo "2070"]
[Annotator "TA"]
[PlyCount "99"]
[EventDate "2020.08.31"]
[EventType "swiss"]
[EventCountry "ITA"]
[SourceTitle "playchess.com"]
[Source "ChessBase"]
[SourceQuality "1"]

{[%evp 15,99,8,16,-12,36,-18,3,-17,35,37,37,28,48,30,58,0,39,42,87,77,87,84,114,104,122,120,134,121,137,135,131,112,185,117,166,135,151,69,70,66,68,59,112,121,114,140,132,131,132,131,166,161,213,218,208,201,260,250,359,356,353,348,325,310,352,351,332,268,319,331,502,513,629,595,660,702,605,581,12838,12839,29987,29988,29990,29991,29991,29992]} 1. e4 c5 2. c3 Nf6 3. e5 Nd5 4. Nf3 Nc6 5. Bc4 Nb6 6. Bb3 c4 7. Bc2 d6 8. exd6 Qxd6 9. Na3 {B22: Sicilian: 2 c3.} Qe6+ 10. Qe2 (10. Kf1 $14) 10... Qxe2+ $11 11. Kxe2 {The position is equal.} Bg4 ({Black should try} 11... e5 $11) 12. b3 $14 cxb3 13. axb3 {[#]} a6 $146 ({Predecessor:} 13... Rc8 14. h3 {½-½ (14) Sveshnikov,E (2580)-Yudasin,L (2630) Kemerovo 1995}) 14. Re1 e6 15. Kf1 (15. Nc4 $14 Nd5 16. Be4) 15... Be7 16. Be4 Bh5 17. Nc4 $1 {[%cal Rc4b6]} Nxc4 18. bxc4 O-O 19. d4 Bd6 20. Ba3 Bxa3 21. Rxa3 Rfc8 22. Rb1 Rab8 23. Rb6 Nd8 (23... f5 $16) 24. c5 (24. Ne5 $18) 24... f6 25. Rab3 Be8 26. c4 (26. Ke2 $16) 26... Bc6 27. Bxc6 Rxc6 28. Nd2 Rbc8 {[#] White leaves nothing to chance now.} ({Black should play} 28... a5 $14) 29. Ne4 $1 $16 Rxb6 30. Rxb6 {[%mdl 4096] Endgame KRN-KRN} Rc6 31. Rb3 Rc7 {[#]} 32. Ke2 $1 Kf8 33. g4 h6 (33... a5 $142 34. d5 Rc8) 34. f4 $18 Rd7 35. Kd3 Nf7 36. Ke3 f5 (36... Nd8 $142 37. f5 e5) 37. gxf5 exf5 {And now ...Re7 would win.} 38. Ng3 g6 39. d5 Nd8 40. Rb6 Kf7 41. Ne2 Rc7 42. Rd6 Rxc5 (42... Rc8 $142 43. Nd4 a5) 43. Rxd8 Rxc4 {KRN-KR} 44. Rd7+ {[%mdl 64] Double Attack} Ke8 45. Rxb7 Re4+ 46. Kd3 g5 47. Nd4 gxf4 48. d6 {White mates.} Re3+ 49. Kd2 Kd8 50. d7 {Accuracy: White = 80%, Black = 44%.} 1-0

[Event "7th Cattolica Open-A 2020"]
[Site "Cattolica"]
[Date "2020.09.06"]
[Round "7.10"]
[White "Alanic, Xavier"]
[Black "Schloffer, Jasmin-Denise"]
[Result "1-0"]
[WhiteElo "2249"]
[BlackElo "2110"]
[Annotator "RC"]
[PlyCount "99"]
[EventDate "2020.08.31"]
[EventType "swiss"]
[EventCountry "ITA"]
[SourceTitle "playchess.com"]
[Source "ChessBase"]
[SourceQuality "1"]
[TimeControl "5400+30"]

1. c4 {[%emt 0:02:26]} c5 {[%emt 0:00:00]} 2. Nc3 {[%emt 0:00:24]} Nc6 {[%emt 0:00:00]} 3. g3 {[%emt 0:00:07]} g6 {[%emt 0:00:00]} 4. Bg2 {[%emt 0:00:06]} Bg7 {[%emt 0:00:06]} 5. e4 {[%emt 0:00:18]} e5 {[%emt 0:00:48]} 6. a3 {[%emt 0:00:27]} d6 {[%emt 0:00:55]} 7. d3 {[%emt 0:00:15]} Nge7 {[%emt 0:00:12]} 8. Rb1 {[%emt 0:00:17]} a5 {[%emt 0:00:27]} 9. Nge2 {[%emt 0:00:22]} O-O {[%emt 0:00:21]} 10. O-O {[%emt 0:00:25]} f5 {[%emt 0:01:48]} 11. f4 {[%emt 0:00:28]} Rb8 {[%emt 0:01:14]} 12. Be3 {[%emt 0:00:41]} Be6 {[%emt 0:05:12]} 13. fxe5 {[%emt 0:01:42]} Nxe5 {[%emt 0:02:56]} 14. Nf4 {[%emt 0:02:04]} Bf7 {[%emt 0:02:14]} 15. h3 {[%emt 0:00:59]} b6 {[%emt 0:05:13]} 16. Qd2 {[%emt 0:03:25]} Qd7 {[%emt 0:03:41]} 17. Kh2 {[%emt 0:00:44]} h6 {[%emt 0:15:57]} 18. b3 {[%emt 0:05:01]} g5 {[%emt 0:12:42]} 19. Nfe2 {[%emt 0:02:56]} Bg6 {[%emt 0:03:32]} 20. Rbd1 {[%emt 0:02:23]} N5c6 {[%emt 0:07:41]} 21. d4 {[%emt 0:02:15]} Qe8 {[%emt 0:02:24]} 22. Bg1 {[%emt 0:04:52]} Rd8 {[%emt 0:08:59]} 23. exf5 {[%emt 0:13:29]} Rxf5 {[%emt 0:00:50]} 24. Nb5 {[%emt 0:03:51]} Qf7 {[%emt 0:08:42]} 25. g4 {[%emt 0:02:11]} Rxf1 {[%emt 0:00:12]} 26. Rxf1 {[%emt 0:00:07]} Qe8 {[%emt 0:00:24]} 27. d5 {[%emt 0:04:03]} Be5+ {[%emt 0:01:40]} 28. Kh1 {[%emt 0:00:05]} Nb8 {[%emt 0:00:03]} 29. Nec3 {[%emt 0:00:40]} Qd7 {[%emt 0:00:59]} 30. Bh2 {[%emt 0:03:21]} Bxh2 {[%emt 0:03:40]} 31. Kxh2 {[%emt 0:00:19]} Rf8 {[%emt 0:00:02]} 32. Rxf8+ {[%emt 0:01:16]} Kxf8 {[%emt 0:00:04]} 33. Be4 {[%emt 0:00:30]} Qd8 {[%emt 0:04:20]} 34. h4 {[%emt 0:02:32]} Nd7 {[%emt 0:04:28]} 35. hxg5 {[%emt 0:01:29]} Ne5 {[%emt 0:00:14]} 36. Qf4+ {[%emt 0:00:27]} Kg8 {[%emt 0:00:13]} 37. Kg3 {[%emt 0:01:17]} h5 {[%emt 0:03:41]} 38. gxh5 {[%emt 0:06:21]} Bxh5 {[%emt 0:01:21]} 39. Qf6 {[%emt 0:00:30]} Qd7 {[%emt 0:01:07]} 40. Qe6+ {[%emt 0:00:33]} Qxe6 {[%emt 0:00:08]} 41. dxe6 {[%emt 0:00:04]} Bg4 {[%emt 0:00:00]} 42. Bd5 {[%emt 0:00:00]} Nf5+ {[%emt 0:00:00]} 43. Kg2 {[%emt 0:00:00]} Kf8 {[%emt 0:00:00]} 44. Na4 {[%emt 0:00:00]} Bd1 {[%emt 0:00:00]} 45. Nxb6 {[%emt 0:00:00]} Bxb3 {[%emt 0:00:00]} 46. Kf2 {[%emt 0:00:00]} Kg7 {[%emt 0:00:00]} 47. Ke1 {[%emt 0:01:50]} Kg6 {[%emt 0:00:29]} 48. Be4 {[%emt 0:00:33]} Kxg5 {[%emt 0:00:15]} 49. Bxf5 {[%emt 0:00:24]} Kf6 {[%emt 0:01:21]} 50. Nd5+ {[%emt 0:00:44]} 1-0

[Event "7th Cattolica Open-A 2020"]
[Site "Cattolica"]
[Date "2020.09.07"]
[Round "8.1"]
[White "Mendonca, Leon Luke"]
[Black "Studer, Noel"]
[Result "1/2-1/2"]
[WhiteElo "2490"]
[BlackElo "2573"]
[Annotator "TA"]
[PlyCount "108"]
[EventDate "2020.08.31"]
[EventType "swiss"]
[EventCountry "ITA"]
[SourceTitle "playchess.com"]
[Source "ChessBase"]
[SourceQuality "1"]

{[%evp 14,108,0,0,0,4,21,10,8,18,0,21,10,0,2,0,4,0,0,0,43,31,39,32,37,34,67,58,117,112,123,116,149,122,158,154,146,135,143,140,141,143,138,137,147,146,132,156,149,136,166,153,152,147,182,182,165,162,316,328,390,345,661,503,529,514,477,125,134,133,137,119,201,199,210,210,211,210,233,110,159,173,180,182,155,95,111,13,22,11,4,9,158,0,0,0,123]} 1. Nf3 d5 2. g3 Nf6 3. Bg2 c5 4. O-O e6 5. c4 d4 6. e3 Nc6 7. exd4 cxd4 8. d3 Bd6 {A13: English Opening: 1...e6.} 9. Bg5 h6 10. Bxf6 $1 Qxf6 11. Nbd2 {[%cal Bb1d2,Bd2b3,Bb3c5,Bc5e4,Be4d6][%mdl 32]} Qe7 12. a3 a5 13. Re1 O-O 14. Rc1 $1 {[%mdl 4] now scores much better than the old 14.Nb3. Played by Fabiano Caruana in May 2020.} Bd7 15. Nb3 Qf6 16. Nfd2 {[#]} Bc7 $146 ({Predecessor:} 16... a4 17. Ne4 Qe7 18. Nxd6 Qxd6 19. Nd2 Qc7 20. c5 Na5 21. Re4 e5 22. Re1 Kh8 {½-½ (61) Maetzig,R (1982)-Turowski,P (1884) GER email 2014}) 17. Nc5 $36 {[%mdl 2048] White has some pressure.} Bc8 18. Nce4 Qe7 {Threatens to win with ...f5.} 19. c5 $1 Ne5 20. Qe2 Rd8 (20... a4 $14) 21. Nd6 $1 $16 Nd7 22. Nb5 Bb8 23. b4 $1 ({But not} 23. Nxd4 Nxc5 24. Nb5 Na4 $16) 23... axb4 24. axb4 Ra4 25. Rb1 Ra2 26. Ra1 Rb2 27. Reb1 ({Resist} 27. Nxd4 $6 Qf6 $14) 27... Rxb1+ 28. Rxb1 Ne5 29. f4 Ng6 30. Nc4 Bd7 31. Nbd6 b5 32. Na5 $1 Bxd6 33. cxd6 Qf8 34. Nb7 Rb8 {intending ...Bc8.} 35. Qc2 $1 {[%cal Rc2c7] Strongly threatening Qc7.} e5 $2 (35... Rc8 {is a better defense.} 36. Qf2 e5 37. fxe5 Nxe5) 36. Qc7 $18 Qe8 37. Nc5 exf4 $2 (37... Bf5 38. Re1 Qd8 39. Qxd8+ Rxd8 40. fxe5 Nf8) 38. Qxd7 Qe3+ 39. Kh1 f3 40. Rf1 $2 (40. Bh3 $18 {is more deadly.}) 40... Ne5 41. Qf5 $1 {[%cal Rg2f3]} ({And not} 41. Qh3 fxg2+ 42. Qxg2 Rd8 $15) 41... fxg2+ 42. Kxg2 {aiming for d7.} Rd8 {[#]} (42... g6 $16 {was called for.} 43. Qf6 Qd2+ 44. Rf2 Qg5) 43. Ne4 $1 Nxd3 44. Qxf7+ Kh8 45. Qe7 Rg8 {[#]} 46. Nc5 (46. d7 $1 $18 {[%cal Rd7d8] is the precise move to win.} Qe2+ 47. Kg1 Qe3+ 48. Kh1) 46... Qd2+ {[%mdl 64] Double Attack} 47. Kg1 Nxb4 48. d7 Nc6 49. Qd6 ({White should try} 49. Qe4 Nd8 50. Nd3) 49... Nd8 $16 50. Rf4 (50. h4 $16) 50... Qe1+ 51. Kg2 Qe2+ $1 52. Rf2 Qe3 (52... Qc4 $1 $11 {keeps the balance.}) 53. Rf4 {[%mdl 1024] White has strong compensation.} Qe2+ 54. Rf2 Qe3 {Accuracy: White = 78%, Black = 64%.} 1/2-1/2

[Event "7th Cattolica Open-A 2020"]
[Site "Cattolica"]
[Date "2020.09.07"]
[Round "8.2"]
[White "Basso, Pier Luigi"]
[Black "Krallis, Christos"]
[Result "1/2-1/2"]
[WhiteElo "2603"]
[BlackElo "2402"]
[Annotator "TA"]
[PlyCount "93"]
[EventDate "2020.08.31"]
[EventType "swiss"]
[EventCountry "ITA"]
[SourceTitle "playchess.com"]
[Source "ChessBase"]
[SourceQuality "1"]

{[%evp 18,93,26,21,40,37,18,33,33,29,29,21,27,30,35,7,7,6,11,0,28,0,5,5,0,0,0,-7,-14,-20,-15,-10,0,-20,0,0,0,-44,-47,-42,-21,-54,-47,-64,-51,-67,-64,-94,-34,-44,-16,-40,-38,-52,-50,-111,-94,-114,-113,-101,-112,-98,-99,-97,-97,-116,-58,-84,-94,-77,-12,-179,-179,-178,-173,-158,0,-39]} 1. d4 Nf6 2. c4 e6 3. Nc3 d5 4. Nf3 Be7 5. Bf4 O-O 6. e3 c5 7. dxc5 Bxc5 8. Qc2 Nc6 9. a3 Qa5 10. Rd1 Re8 {[#] ...e5 is the strong threat. 10...Rd8 gains popularity. D37: Queen's Gambit Declined: 5 Bf4.} 11. Nd2 e5 12. Bg5 {Strongly threatening Nb3.} Nd4 $1 {[%cal Rd4c2] White is slightly better.} 13. Qb1 {And now Bxf6 would win.} ({But not} 13. exd4 exd4+ 14. Be2 (14. Ne2 $2 Ng4 $19) 14... dxc3 $17) 13... Bf5 14. Bd3 Bxd3 $1 15. Qxd3 {Hoping for Bxf6.} Ne4 $1 ({Not} 15... e4 $2 16. Qb1 $18) 16. Ndxe4 (16. exd4 exd4 17. O-O dxc3 $17) (16. cxd5 {is more complex.} Nxc3 17. bxc3 Nb5 18. O-O Nd6 19. Nc4) 16... dxe4 17. Qd2 Ne6 $1 {[%cal Re6g5]} ({Reject} 17... Nb3 18. Qc2 $16) 18. Nxe4 {[#]} Qc7 $146 ({Predecessor:} 18... Qxd2+ 19. Rxd2 f5 20. Nxc5 Nxc5 21. f3 Rac8 22. O-O e4 23. Rd5 Ne6 24. Rxf5 exf3 25. R1xf3 Nxg5 26. Rxg5 Rxc4 {½-½ (77) Karjakin,S (2748)-Nakamura,H (2754) Zagreb 2019}) 19. Bh4 f5 20. Nxc5 Qxc5 21. Qd5 Rac8 22. Qxc5 (22. g4 {looks sharper.} f4 23. exf4 exf4 24. O-O Qxc4 25. Rfe1) 22... Rxc5 23. f3 Rxc4 24. Bf2 Rc2 25. Rd2 Rc1+ 26. Rd1 Rc2 27. O-O (27. Rd2 $5 {[%cal Rd2c2]} Rc1+ 28. Rd1 Rc2 $15) 27... Rxb2 28. Rd5 Nf8 29. e4 fxe4 30. fxe4 b6 31. Bg3 Re2 32. Re1 {[#]} Rxe1+ (32... Ra2 $1 $17 33. Bxe5 Rxa3) 33. Bxe1 $17 {[%mdl 4096] Endgame KRB-KRN} Ng6 34. a4 Rc8 35. Bg3 a5 {[%cal Ba7a5,Ba5a4][%mdl 32]} 36. Bxe5 ({Better is} 36. h4 $15) 36... Nxe5 37. Rxe5 $15 {KR-KR} Rc4 38. Re6 Rxa4 39. Rxb6 Rxe4 40. Ra6 a4 41. Ra7 h5 ({Black should play} 41... Re1+ $17 42. Kf2 Ra1 43. Ra8+ Kf7) 42. Kf2 Kh7 43. g3 h4 ({Black should try} 43... Kg6 $17) 44. gxh4 $2 (44. Kf3 $11 {and White stays safe.} Rb4 45. gxh4) 44... Rxh4 $19 45. Kg3 Rb4 46. Ra6 g6 $2 (46... Rb3+ $17 47. Kf4 Ra3) 47. h4 {Accuracy: White = 71%, Black = 81%.} 1/2-1/2

[Event "7th Cattolica Open-A 2020"]
[Site "Cattolica"]
[Date "2020.09.07"]
[Round "8.3"]
[White "David, Alberto"]
[Black "Van Foreest, Lucas"]
[Result "1-0"]
[WhiteElo "2520"]
[BlackElo "2531"]
[Annotator "TA"]
[PlyCount "83"]
[EventDate "2020.08.31"]
[EventType "swiss"]
[EventCountry "ITA"]
[SourceTitle "playchess.com"]
[Source "ChessBase"]
[SourceQuality "1"]

{[%evp 9,83,54,61,65,82,75,89,78,73,0,8,6,35,-6,-15,-44,-36,-23,-41,-33,-13,-25,43,36,42,37,42,42,45,25,27,-63,39,34,127,70,74,40,50,62,89,104,94,21,170,17,426,425,406,422,478,456,450,442,435,423,497,495,491,487,500,500,831,823,1102,1102,1046,1025,1025,1018,1010,998,968,968,893,226]} 1. e4 e5 2. Nf3 Nc6 3. Bb5 a6 4. Ba4 f5 5. d4 exd4 6. e5 {C70: Ruy Lopez: 3...a6 4 Ba4, Norwegian and Delayed Schliemann.} b5 7. Bb3 Bb7 8. O-O {White is better.} Na5 {[#]} 9. c3 $146 ({Much weaker is} 9. Qxd4 c5 $15) (9. Nxd4 $16 Nxb3 10. axb3) ({Predecessor:} 9. Bxg8 Rxg8 10. Nxd4 Qh4 11. Nc3 f4 12. Nf3 Qg4 13. a4 Nc4 14. axb5 Nxe5 15. Re1 {0-1 (59) Morozevich,A (2659)-Sychev,K (2563) Moscow 2019}) 9... Nxb3 $11 10. axb3 Ne7 11. Nxd4 c5 12. Ne2 Qb6 13. c4 b4 14. Nf4 O-O-O 15. Nd5 $1 {[%cal Rd5b6]} Qc6 (15... Qg6 $11) 16. Bg5 $14 Re8 {[%cal Re7d5]} 17. Bxe7 $1 Bxe7 18. Nd2 Bd8 19. Re1 g5 20. Nf1 (20. Qc2 $11) 20... Qg6 (20... Bc7 $1 $15) 21. Ng3 {[%cal Bf1g3,Bg3e2,Be2c1,Bc1d3][%mdl 32]} h5 ({Black should play} 21... a5 $14) 22. Qf3 (22. Qd3 $16 Rhf8 23. Nf6 $1 {[%mdl 576] Decoy} Bxf6 24. Qd6 {[%mdl 64] Pin}) 22... Ref8 23. Ne2 f4 24. Nc1 h4 25. Nd3 $36 {[%mdl 2048] White has strong initiative.} Qc6 26. Ra5 (26. Qg4 $16 {And now e6 would win.} Rh6 27. Ra5) 26... d6 {White stays focused until the end.} (26... Kb8 $1 $11 {and Black stays safe.} 27. Rxc5 Qe6) 27. exd6 $2 ({White should try} 27. e6 $18 {Strongly threatening e7.} Re8 28. Raa1) 27... Qxd6 $2 {[%mdl 8192]} (27... Kb8 $1 $11 {and Black is okay.} 28. Rxc5 Qxd6) 28. Qg4+ $18 Kb8 {[#]} 29. Re6 $1 {[%cal Re6d6]} Qxe6 {White is clearly winning.} 30. Qxe6 Bxa5 31. Qd6+ Ka8 32. Nxc5 Rf7 33. Qe6 Rfh7 34. Nxb7 Kxb7 35. h3 Rd8 (35... Rh6 $142 36. Qd7+ Ka8) 36. Qe4 Rhd7 37. Nxb4+ Kc7 38. Qe5+ Kb6 39. c5+ Kb5 40. c6+ Kxb4 41. cxd7 Rxd7 42. Qc3+ {Accuracy: White = 71%, Black = 52%.} 1-0

[Event "7th Cattolica Open-A 2020"]
[Site "Cattolica"]
[Date "2020.09.07"]
[Round "8.4"]
[White "Bailet, Pierre"]
[Black "Orfini, Nicolo`"]
[Result "1-0"]
[WhiteElo "2500"]
[BlackElo "2225"]
[Annotator "TA"]
[PlyCount "97"]
[EventDate "2020.08.31"]
[EventType "swiss"]
[EventCountry "ITA"]
[SourceTitle "playchess.com"]
[Source "ChessBase"]
[SourceQuality "1"]

{[%evp 13,97,30,33,22,29,25,31,32,17,12,34,27,44,38,43,39,35,29,43,43,66,55,63,46,80,56,90,90,90,89,136,137,129,93,131,108,152,95,95,95,133,147,150,146,179,170,181,193,216,185,252,202,204,162,238,231,266,261,264,254,237,184,226,219,296,287,282,283,356,342,385,381,387,343,433,427,427,325,325,318,310,298,310,294,285,269]} 1. e4 c5 2. Nc3 Nc6 3. Nge2 d6 4. d4 cxd4 5. Nxd4 e5 6. Nf3 Be7 7. Bc4 Nf6 8. Bg5 {was the old line (8.0-0). B57: Classical Sicilian: Sozin with 6...Qb6.} O-O 9. Qd3 {[#]} Na5 $146 ({Predecessor:} 9... Bg4 10. Bb3 Qd7 11. h3 Be6 12. O-O-O Rfd8 13. Kb1 Rac8 14. Rd2 Na5 15. Bxf6 Bxf6 {½-½ (61) Stark,I (2168)-Bart,S (2002) Germany 2011}) 10. Bxf6 {White is slightly better.} Bxf6 11. Bd5 Nc6 12. Bb3 Be7 13. Nd5 Be6 14. Rd1 Bxd5 15. Qxd5 Qc7 16. O-O Kh8 17. Nd2 Nd4 18. Nc4 Rad8 19. Rfe1 (19. c3 {with more complications.} Ne6 20. g3 g6 21. h4 a6 22. Bc2) 19... Qc6 20. Qxc6 bxc6 21. Ba4 f6 22. c3 Nb5 23. Re2 a6 24. Red2 Ra8 25. a3 (25. Na5 $142) 25... Rab8 $16 26. Bxb5 cxb5 27. Nxd6 g6 28. b4 Kg7 29. Kf1 Bxd6 30. Rxd6 $18 {[%mdl 4096] Endgame KRR-KRR} Rfc8 31. R1d3 a5 (31... g5 $142 32. Rf3 (32. Rxa6 Ra8 $16) 32... g4 33. Rfxf6 Rxc3) 32. Rd7+ Kg8 33. Ra7 a4 (33... Ra8 {was necessary.} 34. Rxa5 Rxa5 35. bxa5 Kf7) 34. Ke2 Rc4 35. f3 f5 36. exf5 gxf5 37. Kd2 e4 38. fxe4 fxe4 39. Rdd7 e3+ 40. Ke2 ({Resist} 40. Kxe3 $6 Rxc3+ 41. Kd4 Rc4+ 42. Kd5 Rh4 $16) 40... Rh4 41. h3 ({Not} 41. Kxe3 Rxh2 42. Rg7+ Kh8 $18) 41... Rc8 42. Rac7 {[%cal Rc7c8] [#]} Rc4 43. Rg7+ Kf8 44. Rcf7+ Ke8 45. Rb7 {[%cal Rg7g8]} Kf8 {White has a decisive advantage.} 46. Rxh7 {[%cal Rh7h8] [#]} Kg8 47. Rbg7+ Kf8 48. Rd7 {[%cal Rh7h8]} Kg8 49. Rhe7 {Accuracy: White = 86%, Black = 53%.} 1-0

[Event "7th Cattolica Open-A 2020"]
[Site "Cattolica"]
[Date "2020.09.07"]
[Round "8.5"]
[White "Bettalli, Francesco"]
[Black "Alanic, Xavier"]
[Result "1/2-1/2"]
[WhiteElo "2206"]
[BlackElo "2249"]
[Annotator "ChessBase"]
[PlyCount "41"]
[EventDate "2020.08.31"]
[EventType "swiss"]
[EventCountry "ITA"]
[SourceTitle "playchess.com"]
[Source "ChessBase"]
[SourceQuality "1"]
[TimeControl "5400+30"]

1. e4 {[%emt 0:00:26]} c6 {[%emt 0:00:00]} 2. d4 {[%emt 0:00:07]} d5 {[%emt 0:00:00]} 3. Nd2 {[%emt 0:00:08]} dxe4 {[%emt 0:00:38]} 4. Nxe4 {[%emt 0:00:08]} Nf6 {[%emt 0:00:07]} 5. Nxf6+ {[%emt 0:00:08]} exf6 {[%emt 0:00:08]} 6. c3 {[%emt 0:00:29]} Bd6 {[%emt 0:01:01]} 7. Bd3 {[%emt 0:00:16]} Be6 {[%emt 0:00:51]} 8. Qc2 {[%emt 0:01:34]} Nd7 {[%emt 0:04:09]} 9. Ne2 {[%emt 0:00:42]} Qc7 {[%emt 0:00:17]} 10. c4 {[%emt 0:03:12]} c5 {[%emt 0:05:03]} 11. Be3 {[%emt 0:11:23]} cxd4 {[%emt 0:04:25]} 12. Nxd4 {[%emt 0:00:25]} Ne5 {[%emt 0:00:42]} 13. Nxe6 {[%emt 0:05:05]} Nxd3+ {[%emt 1:19:09]} 14. Qxd3 {[%emt 0:00:05]} fxe6 {[%emt 0:00:00]} 15. O-O-O {[%emt 0:05:55]} O-O-O {[%emt 0:00:00]} 16. Qe4 {[%emt 0:02:19]} Rhe8 {[%emt 0:00:00]} 17. Kb1 {[%emt 0:00:23]} f5 {[%emt 0:00:00]} 18. Qc2 {[%emt 0:01:46]} a6 {[%emt 0:00:00]} 19. h3 {[%emt 0:03:53]} g6 {[%emt 0:00:00]} 20. Bg5 {[%emt 0:00:45]} Be7 {[%emt 0:00:00]} 21. Bxe7 {[%emt 0:00:24]} 1/2-1/2

[Event "7th Cattolica Open-A 2020"]
[Site "Cattolica"]
[Date "2020.09.07"]
[Round "8.6"]
[White "Gallana, Marco"]
[Black "Degraeve, Remy"]
[Result "1-0"]
[WhiteElo "2195"]
[BlackElo "2349"]
[Annotator "ChessBase"]
[PlyCount "89"]
[EventDate "2020.08.31"]
[EventType "swiss"]
[EventCountry "ITA"]
[SourceTitle "playchess.com"]
[Source "ChessBase"]
[SourceQuality "1"]
[TimeControl "5400+30"]

1. d4 {[%emt 0:00:00]} Nf6 {[%emt 0:00:00]} 2. Nf3 {[%emt 0:00:00]} g6 {[%emt 0:00:00]} 3. c4 {[%emt 0:00:10]} Bg7 {[%emt 0:00:00]} 4. Nc3 {[%emt 0:00:22]} d5 {[%emt 0:00:00]} 5. cxd5 {[%emt 0:00:29]} Nxd5 {[%emt 0:00:00]} 6. e4 {[%emt 0:00:15]} Nxc3 {[%emt 0:00:00]} 7. bxc3 {[%emt 0:00:11]} c5 {[%emt 0:00:00]} 8. Be3 {[%emt 0:00:29]} Qa5 {[%emt 0:00:14]} 9. Qd2 {[%emt 0:00:26]} O-O {[%emt 0:00:10]} 10. Rc1 {[%emt 0:04:37]} Nd7 {[%emt 0:00:04]} 11. Bd3 {[%emt 0:01:32]} e5 {[%emt 0:01:07]} 12. d5 {[%emt 0:00:55]} f5 {[%emt 0:00:27]} 13. Bh6 {[%emt 0:03:22]} f4 {[%emt 0:07:34]} 14. Bxg7 {[%emt 0:07:21]} Kxg7 {[%emt 0:00:10]} 15. Rb1 {[%emt 0:00:40]} Qd8 {[%emt 0:02:00]} 16. O-O {[%emt 0:05:49]} g5 {[%emt 0:10:01]} 17. Bb5 {[%emt 0:10:46]} g4 {[%emt 0:01:35]} 18. Ne1 {[%emt 0:00:21]} Nf6 {[%emt 0:02:49]} 19. f3 {[%emt 0:08:32]} gxf3 {[%emt 0:03:44]} 20. Nxf3 {[%emt 0:03:16]} Qd6 {[%emt 0:07:39]} 21. Qe1 {[%emt 0:14:45]} a6 {[%emt 0:01:46]} 22. Bd3 {[%emt 0:00:27]} c4 {[%emt 0:00:10]} 23. Bc2 {[%emt 0:00:23]} Ng4 {[%emt 0:00:55]} 24. Qh4 {[%emt 0:02:57]} Re8 {[%emt 0:12:42]} 25. Ng5 {[%emt 0:20:41]} Qg6 {[%emt 0:07:15]} 26. Bd1 {[%emt 0:01:28]} Nf6 {[%emt 0:01:24]} 27. Rb6 {[%emt 0:00:44]} h6 {[%emt 0:09:45]} 28. Nh7 {[%emt 0:00:34]} Kxh7 {[%emt 0:01:00]} 29. Rxf6 {[%emt 0:00:09]} Qg5 {[%emt 0:00:26]} 30. Qxg5 {[%emt 0:00:12]} hxg5 {[%emt 0:00:02]} 31. Rb6 {[%emt 0:00:15]} Rb8 {[%emt 0:08:44]} 32. Ba4 {[%emt 0:00:14]} Rg8 {[%emt 0:01:14]} 33. Rfb1 {[%emt 0:00:47]} g4 {[%emt 0:04:26]} 34. R1b4 {[%emt 0:05:01]} Rg6 {[%emt 0:04:40]} 35. d6 {[%emt 0:01:31]} Rg7 {[%emt 0:01:26]} 36. Rxc4 {[%emt 0:00:27]} Be6 {[%emt 0:05:05]} 37. Rc7 {[%emt 0:00:10]} Rc8 {[%emt 0:00:54]} 38. Rxg7+ {[%emt 0:01:16]} Kxg7 {[%emt 0:00:04]} 39. d7 {[%emt 0:00:17]} Bxd7 {[%emt 0:00:37]} 40. Bxd7 {[%emt 0:00:08]} Rxc3 {[%emt 0:00:05]} 41. Bxg4 {[%emt 0:00:10]} Rc1+ {[%emt 0:00:18]} 42. Kf2 {[%emt 0:00:14]} Rc2+ {[%emt 0:00:01]} 43. Be2 {[%emt 0:00:20]} Rxa2 {[%emt 0:00:10]} 44. Rxb7+ {[%emt 0:00:12]} Kf6 {[%emt 0:00:04]} 45. Rb6+ {[%emt 0:00:09]} 1-0